| 000 | 01105nam a2200241 i 4500 | ||
|---|---|---|---|
| 001 | 120207 | ||
| 003 | ES-MaACL | ||
| 005 | 20251217094457.0 | ||
| 007 | t| | ||
| 008 | 070214s1904 sp r ||||1| spa d | ||
| 100 | 1 |
_aPérez-Villamil, Manuel, _d1849-1917 _991209 |
|
| 245 | 1 | 0 |
_aArtes e industrias del Buen Retiro _b: la fábrica de China : el laboratorio de piedras duras y mosaico : Obradores de bronces y marfiles / _cManuel Pérez Villamil ; con una carta-prólogo del Excmo. Sr. D. Francisco de Laiglesia y treinta fototipias representando 136 láminas. |
| 260 |
_aMadrid : _bSucesores de Rivadaneyra, _c1904. |
||
| 300 |
_aXV, 151 p., 30 lám. ; _c27 cm. |
||
| 530 | _aDisponible en formato digital. | ||
| 610 | 2 | 4 |
_aReal Fábrica de Porcelana del Buen Retiro. _9143694 |
| 650 | 4 |
_aPorcelana del Buen Retiro. _9158558 |
|
| 700 | 1 |
_aLaiglesia, Francisco de ( _d1850-1922) _969670 |
|
| 852 |
_aES-MaACL _jR-3053 _xOlim:F-12926 _cDEPO1 |
||
| 856 | 4 |
_uhttp://bdh-rd.bne.es/viewer.vm?id=0000160178&page=1 _y(Biblioteca Digital Hispánica) |
|
| 942 | _2udc | ||
| 999 |
_c120207 _d120207 |
||